[Event "VIE-ch U09 Girls"]
[Site "Ho Chi Minh City"]
[Date "2014.07.17"]
[Round "8"]
[White "Tran, Dam Thien Thanh"]
[Black "Tran, Thi Anh Nguyet"]
[Result "1-0"]
[WhiteElo "1556"]
[BlackElo "1569"]
[PlyCount "145"]
[EventDate "2014.07.13"]
[EventType "swiss"]
[EventRounds "9"]
[EventCountry "VIE"]
[SourceTitle "EXT 2016"]
[Source "ChessBase"]
[SourceDate "2015.10.08"]
[SourceVersion "1"]
[SourceVersionDate "2015.10.08"]
[SourceQuality "1"]

1. d4 d5 2. c4 e6 3. Nc3 Nf6 4. Bf4 Bb4 5. Qc2 Nc6 6. e3 Bd7 7. c5 0-0 8. a3 Bxc3+ 9. Qxc3 Ne4 10. Qc2 Nf6 11. Nf3 h6 12. Bd3 b6 13. 0-0 Re8 14. cxb6 cxb6 15. Bb5 Rc8 16. Qa4 a5 17. Rac1 Na7 18. Bxd7 Qxd7 19. Qb3 Qb5 20. Qa2 Nh5 21. Bg3 Nxg3 22. hxg3 Rc4 23. Ne5 Rcc8 24. Qb1 Nc6 25. Nf3 Ne7 26. g4 Ng6 27. g5 hxg5 28. Nxg5 Rxc1 29. Rxc1 Qd7 30. Rc2 Qe7 31. Nf3 Qf6 32. Qc1 Nh4 33. Nxh4 Qxh4 34. Rc8 Rxc8 35. Qxc8+ Kh7 36. Qc7 Qe4 37. Qxb6 Qb1+ 38. Kh2 Qe1 39. Kg3 Qd2 40. b4 axb4 41. axb4 Qd3 42. Qd6 Qg6+ 43. Kh2 Qh5+ 44. Kg3 Qg5+ 45. Kf3 Qh5+ 46. g4 Qh1+ 47. Ke2 Qe4 48. Qh2+ Kg8 49. b5 Qxg4+ 50. f3 Qg5 51. b6 Qd8 52. Qc7 Qa8 53. b7 Qa2+ 54. Kf1 Qa6+ 55. Kg2 Qe2+ 56. Kh3 Qf1+ 57. Kg4 f5+ 58. Kf4 Qh1 59. b8Q+ Kh7 60. Ke5 Qxf3 61. Qbb7 Qg3+ 62. Kxe6 Qxe3+ 63. Kf7 Qxd4 64. Kf8 Qf6+ 65. Qf7 Qd8+ 66. Qe8 Qf6+ 67. Qbf7 Qd6+ 68. Qfe7 Qxe7+ 69. Qxe7 Kh6 70. Qxg7+ Kh5 71. Qg3 d4 72. Kf7 f4 73. Qxf4 1-0

[Event "VIE-ch U09 Girls"]
[Site "Ho Chi Minh City"]
[Date "2014.07.13"]
[Round "2"]
[White "Tran, Dam Thien Thanh"]
[Black "Vu, Ngoc Lan Chi"]
[Result "1-0"]
[WhiteElo "1556"]
[BlackElo "1596"]
[PlyCount "61"]
[EventDate "2014.07.13"]
[EventType "swiss"]
[EventRounds "9"]
[EventCountry "VIE"]
[SourceTitle "EXT 2016"]
[Source "ChessBase"]
[SourceDate "2015.10.08"]
[SourceVersion "1"]
[SourceVersionDate "2015.10.08"]
[SourceQuality "1"]

1. d4 d5 2. e3 Nc6 3. f4 Nf6 4. Nf3 Bg4 5. Bd3 Ne4 6. 0-0 e6 7. Qe1 Bd6 8. Ne5 0-0 9. Nxg4 Re8 10. Rf3 f5 11. Ne5 Qf6 12. Bxe4 dxe4 13. Rh3 h6 14. Qg3 Kh7 15. Nc3 Bxe5 16. fxe5 Qg5 17. Qxg5 Kg8 18. Rxh6 Re7 19. Qg6 Rf8 20. Qh7+ Kf7 21. Rg6 Ke8 22. Rxg7 Rff7 23. Qg8+ Rf8 24. Rxe7+ Kxe7 25. Qg5+ Ke8 26. Bd2 Ne7 27. Rf1 Rg8 28. Qf6 Kd7 29. Rf4 Rg6 30. Qf7 Kd8 31. Rh4 1-0